<?xml version="1.0" encoding="UTF-8"?>
<collection xmlns="http://www.loc.gov/MARC21/slim">
 <record>
  <leader>00968pam a22002658a 4500</leader>
  <controlfield tag="001">00044983</controlfield>
  <controlfield tag="005">20191017141026.0</controlfield>
  <controlfield tag="008">131216s2013                  ||||||viesd</controlfield>
  <datafield tag="020" ind1="#" ind2="#">
   <subfield code="a">978 604 9826 252</subfield>
   <subfield code="c">119000</subfield>
  </datafield>
  <datafield tag="041" ind1="0" ind2="#">
   <subfield code="a">vie</subfield>
  </datafield>
  <datafield tag="082" ind1="1" ind2="4">
   <subfield code="a">649.64</subfield>
   <subfield code="b">GI462H</subfield>
  </datafield>
  <datafield tag="100" ind1="#" ind2="#">
   <subfield code="a">Cloud, Henry</subfield>
  </datafield>
  <datafield tag="242" ind1="#" ind2="#">
   <subfield code="a">Boundaries with kids</subfield>
  </datafield>
  <datafield tag="245" ind1="0" ind2="0">
   <subfield code="c">Henry Cloud; John Townsennd; Thảo Nguyên (Dịch)</subfield>
   <subfield code="a">Giới hạn cho bạn: 10 quy tắc thiết lập ranh giới giúp trẻ sống trách nhiệm và sự tự chủ hơn</subfield>
  </datafield>
  <datafield tag="260" ind1="#" ind2="#">
   <subfield code="a">Tp. Hồ Chí Minh</subfield>
   <subfield code="c">2018</subfield>
   <subfield code="b">Thanh niên - Cty sách Alpha</subfield>
  </datafield>
  <datafield tag="300" ind1="#" ind2="#">
   <subfield code="c">21 cm</subfield>
   <subfield code="a">228 tr.</subfield>
  </datafield>
  <datafield tag="653" ind1="#" ind2="#">
   <subfield code="a">Nuôi dạy con</subfield>
  </datafield>
  <datafield tag="653" ind1="#" ind2="#">
   <subfield code="a">giáo dục gia đình</subfield>
  </datafield>
  <datafield tag="653" ind1="#" ind2="#">
   <subfield code="a">kỉ luật</subfield>
  </datafield>
  <datafield tag="700" ind1="#" ind2="#">
   <subfield code="a">Thảo Nguyên (Dịch)</subfield>
  </datafield>
  <datafield tag="700" ind1="#" ind2="#">
   <subfield code="e">dịch</subfield>
  </datafield>
  <datafield tag="710" ind1="#" ind2="#">
   <subfield code="a">Townsennd, John</subfield>
  </datafield>
  <datafield tag="852" ind1="#" ind2="#">
   <subfield code="j">KD.0026568</subfield>
  </datafield>
  <datafield tag="910" ind1="#" ind2="#">
   <subfield code="d">17/10/2019</subfield>
  </datafield>
  <datafield tag="980" ind1="#" ind2="#">
   <subfield code="a">Trung tâm Học liệu Lê Vũ Hùng, Trường Đại học Đồng Tháp</subfield>
  </datafield>
 </record>
</collection>
